| 000 | 01301nam a2200325Ia 4500 | ||
|---|---|---|---|
| 001 | CAH0KE11183PDF | ||
| 003 | BD-DhSAU | ||
| 005 | 20151012144304.0 | ||
| 006 | m|||||o||d|||||||| | ||
| 007 | cr|||| | ||
| 008 | 120720s2012 flua sb 001 0 eng d | ||
| 020 | _a9781439826362 (ebook : PDF) | ||
| 040 |
_aBD-DhSAU _cBD-DhSAU |
||
| 090 |
_aTA169 _b.B45 2012 |
||
| 092 |
_a620.00452 _bB422 |
||
| 100 | 1 |
_aBeichelt, Frank, _d1942- |
|
| 245 | 1 | 0 |
_aReliability and maintenance _h[electronic resource] : _bnetworks and systems / _cFrank Beichelt, Peter Tittmann. |
| 260 |
_aBoca Raton, Fla. : _bCRC Press, _c2012. |
||
| 300 |
_ax, 332 p. : _bill. |
||
| 500 | _a"A Chapman & Hall book." | ||
| 504 | _aIncludes bibliographical references (p. 301-323) and index. | ||
| 505 | 0 | _a1. Coherent binary systems -- 2. Network reliability -- 3. Maintenance models. | |
| 530 | _aAlso available in print edition. | ||
| 538 | _aMode of access: World Wide Web. | ||
| 650 | 0 |
_aReliability (Engineering) _xMathematical models. |
|
| 655 | 7 |
_aElectronic books. _2lcsh |
|
| 700 | 1 | _aTittmann, Peter. | |
| 776 | 1 | _z9781439826355 (hardback : alk. paper) | |
| 856 | 4 | 0 |
_uhttp://marc.crcnetbase.com/isbn/9781439826362 _qapplication/PDF |
| 999 |
_c11592 _d11591 |
||